000 00541cam a2200217 4500
001 J95044
008 090401t1998 xxu||||| |||| 00| 0 eng d
035 _a(Sirsi) u89682
041 _aeng
050 _a711.552
110 _aDTZ Pieda Consulting
_93600
245 _aRetail appeals bulletin.
260 _aLondon
_bDTZ Pieda Consulting
_c1998
300 _a(4)p. ; 30cm.
350 _a0
650 _aPLANNING APPEALS
650 _aRETAIL DEVELOPMENTS
690 _aPLANNING LAW AND PRACTICE
942 _n0
948 _c16/11/1998
999 _c97490
_d97490